[Event "Cto por Equipos de Aragon  Preferente I "]
[Site "?"]
[Date "2026.02.21"]
[Round "5.48"]
[White "Campo Pelegrin, Ramon"]
[Black "Burillo Rodriguez, Carlos"]
[Result "0-1"]
[WhiteElo "1886"]
[BlackElo "2020"]
[PlyCount "74"]
[GameId "2282252578640347"]
[EventDate "2026.01.24"]
[WhiteTeam "Enroque de Barbastro"]
[BlackTeam "El Olivar B"]

1. e4 c6 2. d4 d5 3. e5 Bf5 4. Bd3 Bxd3 5. Qxd3 Qa5+ 6. c3 Qa6 7. Qxa6 Nxa6 8. Be3 e6 9. Ne2 Ne7 10. f3 Nf5 11. Bf2 h5 12. Nd2 c5 13. g4 hxg4 14. fxg4 Ne7 15. Nb3 Nc6 16. O-O-O b5 17. Bg3 c4 18. Na1 b4 19. Nc2 Rb8 20. Kd2 Nc7 21. Rb1 Be7 22. h4 O-O 23. g5 Nb5 24. Bf4 a5 25. Rhg1 a4 26. h5 a3 27. bxa3 bxc3+ 28. Nxc3 Nbxd4 29. Nxd4 Nxd4 30. Be3 Nf3+ 31. Kc2 Nxg1 32. Rxg1 Bxa3 33. Rg3 Rb2+ 34. Kd1 Bb4 35. Bd4 Bxc3 36. Bxc3 Rxa2 37. h6 Rb8 0-1

[Event "Cto por Equipos de Aragon  Preferente I "]
[Site "?"]
[Date "2026.02.21"]
[Round "5.49"]
[White "Jaso Escudero, Julen"]
[Black "Vinuales Satue, Jose Antonio"]
[Result "1-0"]
[WhiteElo "1918"]
[BlackElo "1805"]
[PlyCount "65"]
[GameId "2282252578640348"]
[EventDate "2026.01.24"]
[WhiteTeam "El Olivar B"]
[BlackTeam "Enroque de Barbastro"]

1. d4 Nf6 2. c4 e5 3. dxe5 Ng4 4. Bf4 Nc6 5. Nf3 Bb4+ 6. Nbd2 Qe7 7. a3 Ngxe5 8. Nxe5 Nxe5 9. e3 Bxd2+ 10. Qxd2 d6 11. Be2 Be6 12. c5 O-O 13. cxd6 cxd6 14. O-O Rfd8 15. Rfd1 Qf6 16. Qb4 d5 17. Rac1 b6 18. Ba6 Bc8 19. Bb5 Be6 20. Qd4 Nd7 21. Bc7 Qxd4 22. exd4 Re8 23. Bc6 Rac8 24. Bb7 Nf6 25. f3 Nh5 26. Bxc8 Rxc8 27. Kf2 g5 28. g4 Nf4 29. Bxf4 gxf4 30. Rxc8+ Bxc8 31. Rc1 Be6 32. Rc7 a6 33. Rc6 1-0

[Event "Cto por Equipos de Aragon  Preferente I "]
[Site "?"]
[Date "2026.02.21"]
[Round "5.50"]
[White "Rodriguez Avellanas, Jose Manuel"]
[Black "Sisas Mainar, Izan"]
[Result "0-1"]
[WhiteElo "1748"]
[BlackElo "1866"]
[PlyCount "94"]
[GameId "2282252578640349"]
[EventDate "2026.01.24"]
[WhiteTeam "Enroque de Barbastro"]
[BlackTeam "El Olivar B"]

1. c4 e5 2. Nc3 Nc6 3. g3 Bc5 4. Bg2 d6 5. d3 a6 6. e3 Nf6 7. Nge2 Ba7 8. O-O O-O 9. a3 Bg4 10. Qc2 Qd7 11. Re1 Bh3 12. Bh1 Qf5 13. Nd5 Ng4 14. Nec3 Rac8 15. b4 Rfe8 16. Ne4 Qg6 17. b5 Nd8 18. f3 c6 19. fxg4 cxd5 20. Nf2 Bxg4 21. Bxd5 axb5 22. Nxg4 Qxg4 23. Qf2 bxc4 24. dxc4 Ne6 25. Rf1 Rf8 26. Kg2 b5 27. cxb5 Nf4+ 28. exf4 Bxf2 29. Rxf2 Qd1 30. Bc6 e4 31. Bb2 Qd3 32. Re1 d5 33. Be5 Rfd8 34. a4 e3 35. Rfe2 d4 36. Kf3 f6 37. Be4 Qa3 38. Bxd4 Rxd4 39. Rxe3 Qxa4 40. Bc6 Rxc6 41. bxc6 Qxc6+ 42. Kf2 Rd2+ 43. R3e2 Rxe2+ 44. Rxe2 Kf7 45. g4 Qh1 46. Ke3 Qg1+ 47. Kf3 Qf1+ 0-1

[Event "Ctopor Equipos de Aragon  Preferente II "]
[Site "?"]
[Date "2026.02.21"]
[Round "5.51"]
[White "Portero Garnica, Miguel Angel"]
[Black "Latorre Abad, Fernando"]
[Result "1/2-1/2"]
[WhiteElo "2012"]
[BlackElo "2066"]
[PlyCount "97"]
[GameId "2282252578640350"]
[EventDate "2026.01.24"]
[WhiteTeam "Marcos Frechin B"]
[BlackTeam "ONCE C A Aragon Delicias B"]

1. d4 Nf6 2. Nf3 e6 3. c4 Bb4+ 4. Bd2 a5 5. a3 Bxd2+ 6. Nbxd2 d6 7. g3 Nc6 8. Bg2 e5 9. d5 Nb8 10. O-O a4 11. Ne1 O-O 12. Nd3 Qe7 13. e4 Bd7 14. f4 Ng4 15. Qe2 exf4 16. gxf4 b5 17. Rac1 Na6 18. Bf3 Nh6 19. Qf2 bxc4 20. Nxc4 Bg4 21. Bg2 Rab8 22. Rfe1 Rb3 23. Re3 Bd7 24. Rg3 Ng4 25. Qe2 Qf6 26. e5 dxe5 27. Ndxe5 Rxg3 28. hxg3 Nxe5 29. Nxe5 Qb6+ 30. Qf2 Qxf2+ 31. Kxf2 Bb5 32. Nc6 Re8 33. Nd4 Rb8 34. Ke3 g6 35. f5 gxf5 36. Nxf5 Bd7 37. Be4 Rxb2 38. Nd4 Rb8 39. Bd3 Rb6 40. Bxa6 Rxa6 41. Rxc7 Rd6 42. Ke4 Bh3 43. Ke5 Rd8 44. Ra7 h5 45. Rxa4 f6+ 46. Kxf6 Rxd5 47. Ne6 Bxe6 48. Kxe6 Rg5 49. Rh4 1/2-1/2

[Event "Ctopor Equipos de Aragon  Preferente II "]
[Site "?"]
[Date "2026.02.21"]
[Round "5.52"]
[White "Fuertes Garay, Javier"]
[Black "Perez Tomas, Juan Manuel"]
[Result "0-1"]
[WhiteElo "1993"]
[BlackElo "2001"]
[PlyCount "82"]
[GameId "2282252578640351"]
[EventDate "2026.01.24"]
[WhiteTeam "ONCE C A Aragon Delicias B"]
[BlackTeam "Marcos Frechin B"]

1. e4 c5 2. Nf3 d6 3. d4 cxd4 4. Nxd4 Nf6 5. Bd3 Qb6 6. O-O Nbd7 7. Ne2 Ne5 8. Nd2 Bg4 9. Nc4 Nxc4 10. Bxc4 Qc5 11. Qd3 Rc8 12. Bb3 a6 13. Nf4 e5 14. Nd5 Nxd5 15. Bxd5 Qxc2 16. Qg3 Be2 17. Re1 Bc4 18. Be3 Qxb2 19. Rab1 Qxa2 20. Bxb7 Rc7 21. Ba8 Rc8 22. Ra1 Qxa1 23. Rxa1 Rxa8 24. f3 Be7 25. Qxg7 Kd7 26. Qg3 a5 27. Qe1 a4 28. f4 f6 29. Qc3 Bb3 30. fxe5 fxe5 31. Bb6 Rac8 32. Qh3+ Be6 33. Qd3 Rc4 34. Be3 Ra8 35. Bd2 Rb8 36. Qe3 Rb7 37. Rc1 Rxc1+ 38. Bxc1 Bd8 39. Qd3 Rb3 40. Qa6 Rb4 41. Bd2 Bb6+ 0-1

[Event "Ctopor Equipos de Aragon  Preferente II "]
[Site "?"]
[Date "2026.02.21"]
[Round "5.53"]
[White "Jario Garcia, Ricardo"]
[Black "Dominguez Luzon, Fernando"]
[Result "1-0"]
[WhiteElo "1956"]
[BlackElo "1906"]
[PlyCount "51"]
[GameId "2282252578640352"]
[EventDate "2026.01.24"]
[WhiteTeam "Marcos Frechin B"]
[BlackTeam "ONCE C A Aragon Delicias B"]

1. d4 d5 2. c4 e6 3. Nf3 Nf6 4. cxd5 exd5 5. Bf4 c6 6. e3 Bf5 7. Nc3 Be7 8. Bd3 Bxd3 9. Qxd3 Nbd7 10. h3 O-O 11. O-O Nh5 12. Bh2 f5 13. Ne5 f4 14. Qd1 g6 15. exf4 Nxf4 16. Qg4 Nxe5 17. dxe5 h5 18. Qf3 Ne6 19. Qd3 Kg7 20. f4 Bc5+ 21. Kh1 Rf5 22. g4 hxg4 23. hxg4 Nxf4 24. Bxf4 Qh4+ 25. Kg2 Rh8 26. gxf5 1-0

[Event "Ctopor Equipos de Aragon  Preferente II "]
[Site "?"]
[Date "2026.02.21"]
[Round "5.54"]
[White "Martinez Blanco, Ruben"]
[Black "De Francisco Gracia, Diego"]
[Result "1/2-1/2"]
[WhiteElo "1856"]
[BlackElo "1894"]
[PlyCount "140"]
[GameId "2282252578705889"]
[EventDate "2026.01.24"]
[WhiteTeam "ONCE C A Aragon Delicias B"]
[BlackTeam "Marcos Frechin B"]

1. e4 e6 2. Qe2 Nc6 3. Nf3 Nge7 4. g3 d5 5. d3 b6 6. Bg2 Bb7 7. O-O Qd7 8. a4 O-O-O 9. Bd2 dxe4 10. dxe4 a5 11. Na3 Ng6 12. Rfd1 Bd6 13. Nb5 Qe7 14. Nxd6+ Rxd6 15. Be3 Rhd8 16. Rxd6 Rxd6 17. h4 f6 18. h5 Nge5 19. Nxe5 Nxe5 20. f4 Nf7 21. c3 Rd8 22. b4 axb4 23. Qc4 Qd6 24. cxb4 Kb8 25. Rc1 Rd7 26. Bf2 Qd2 27. Re1 Nd8 28. Ra1 Qb2 29. Rf1 Qa3 30. Qb5 Bc6 31. Qc4 Qxa4 32. Re1 Bb5 33. Qc3 Rd3 34. Qb2 Qb3 35. Qa1 Qxb4 36. h6 gxh6 37. e5 Ra3 38. Qd1 Qe7 39. Qb1 Bc6 40. Bxc6 Nxc6 41. Qc1 Nd8 42. exf6 Qb4 43. Qd1 Qf8 44. Qd4 Ra5 45. Rc1 Rd5 46. Qc3 Qf7 47. Bd4 Qd7 48. Be5 Rd1+ 49. Kh2 Rxc1 50. Qxc1 Nf7 51. Qc3 Kb7 52. Qc2 Nxe5 53. fxe5 c6 54. Qc1 Ka6 55. Qxh6 Qf7 56. g4 Qc7 57. Qf4 Qf7 58. Qg5 Qc7 59. Qe3 Qf7 60. Qa3+ Kb5 61. Qe7 Qg6 62. Qxe6 Qc2+ 63. Kh3 Qc3+ 64. Kh4 Qe1+ 65. Kg5 Qe3+ 66. Kh4 Qf2+ 67. Kh5 Qh2+ 68. Kg5 Qd2+ 69. Kf5 Qd3+ 70. Kf4 Qd4+ 1/2-1/2

[Event "Ctopor Equipos de Aragon  Preferente II "]
[Site "?"]
[Date "2026.02.21"]
[Round "5.55"]
[White "Lopez Caudevilla, David"]
[Black "Crespo Laborda, Alberto"]
[Result "1-0"]
[WhiteElo "2206"]
[BlackElo "1898"]
[PlyCount "45"]
[GameId "2282252578705890"]
[EventDate "2026.01.24"]
[WhiteTeam "Actur Rey Fernando"]
[BlackTeam "Palacio De Pioneros B"]

1. e4 c5 2. d3 e6 3. Nf3 d5 4. Nbd2 Nf6 5. g3 b6 6. Bg2 Bb7 7. O-O Nbd7 8. Re1 d4 9. c3 e5 10. Nc4 Qc7 11. cxd4 cxd4 12. Nxd4 Bb4 13. Bd2 Bxd2 14. Nb5 Qc6 15. Nbd6+ Kf8 16. Qxd2 Ba6 17. Nf5 Bxc4 18. Rac1 b5 19. dxc4 bxc4 20. Rxc4 Qb6 21. Rec1 Rd8 22. Rc6 Qb8 23. Rc8 1-0

[Event "Ctopor Equipos de Aragon  Preferente II "]
[Site "?"]
[Date "2026.02.21"]
[Round "5.56"]
[White "Iglesias Fernandez, Luis"]
[Black "Perez Puyal, Jose Joaquin"]
[Result "1-0"]
[WhiteElo "1807"]
[BlackElo "1934"]
[PlyCount "103"]
[GameId "2282252578705891"]
[EventDate "2026.01.24"]
[WhiteTeam "Palacio De Pioneros B"]
[BlackTeam "Actur Rey Fernando"]

1. e4 d5 2. exd5 Qxd5 {B01 Scandinavian Defense: Mieses-Kotroc Variation} 3. Qf3 Nf6 4. Nc3 Qe5+ 5. Qe3 Qxe3+ 6. dxe3 Bf5 7. Bd3 Bxd3 8. cxd3 Nc6 9. Nf3 e6 10. b3 Bb4 11. Bb2 Rd8 12. Ke2 Ke7 13. a3 Bxc3 14. Bxc3 Nd5 15. Bxg7 Rhg8 16. Bb2 Rxg2 17. Rag1 Rdg8 18. Rxg2 Rxg2 19. Rg1 Rg6 20. Rg3 f6 21. Rh3 Rg7 22. Rg3 Rg6 23. h4 Kd7 24. Nd4 Nxd4+ 25. Bxd4 b6 26. Kf3 e5 27. Bb2 c5 28. h5 Rxg3+ 29. fxg3 Ke6 30. g4 Ne7 31. d4 cxd4 32. exd4 exd4 33. Bxd4 Nc6 34. Be3 Na5 35. b4 Nc4 36. Bc1 Ne5+ 37. Kg3 b5 38. Be3 a6 39. Kf4 Nd3+ 40. Ke4 Nb2 41. g5 fxg5 42. Bxg5 Nc4 43. Bc1 Nd6+ 44. Kf4 Nf7 45. Bb2 h6 46. Bg7 Ke7 47. Kf5 Nd6+ 48. Kg6 Nf7 49. Bxh6 Nxh6 50. Kxh6 Kf6 51. Kh7 Kf7 52. h6 {White wins.} 1-0

[Event "Ctopor Equipos de Aragon  Preferente II "]
[Site "?"]
[Date "2026.02.21"]
[Round "5.57"]
[White "Garcia Alvarez, Sergio"]
[Black "Gonzalez Romea, Edgar"]
[Result "1-0"]
[WhiteElo "1865"]
[BlackElo "1793"]
[PlyCount "55"]
[GameId "2282252578705892"]
[EventDate "2026.01.24"]
[WhiteTeam "Actur Rey Fernando"]
[BlackTeam "Palacio De Pioneros B"]

1. e4 e6 2. d4 d5 3. exd5 exd5 4. c4 Bb4+ 5. Nc3 Ne7 6. Nf3 O-O 7. Bd3 dxc4 8. Bxc4 Nbc6 9. O-O Bg4 10. Be2 Bxf3 11. Bxf3 Qxd4 12. Qxd4 Nxd4 13. Bxb7 Rab8 14. Be4 Bxc3 15. bxc3 Ne2+ 16. Kh1 Nxc3 17. Bf3 Ned5 18. Ba3 Rfe8 19. Rac1 Rb5 20. Rc2 f5 21. Bb2 Ne4 22. g3 c5 23. Be2 Rb7 24. Bc4 Rd8 25. f3 Ng5 26. Rd1 Rbd7 27. Rcd2 Nxf3 28. Rxd5 1-0

[Event "Ctopor Equipos de Aragon  Preferente II "]
[Site "?"]
[Date "2026.02.21"]
[Round "5.58"]
[White "Rodriguez Bosqued, Erik"]
[Black "Moron Borraz, Javier"]
[Result "1-0"]
[WhiteElo "1754"]
[BlackElo "1000"]
[PlyCount "65"]
[GameId "2282252578705893"]
[EventDate "2026.01.24"]
[WhiteTeam "Palacio De Pioneros B"]
[BlackTeam "Actur Rey Fernando"]

1. e4 e5 2. f4 exf4 3. Nf3 d6 4. d4 Ne7 5. Bxf4 Ng6 6. Be3 Be7 7. Bd3 Nc6 8. c3 Nh4 9. O-O Bg4 10. Nbd2 O-O 11. Qc2 h6 12. Nxh4 Bxh4 13. Nf3 Be7 14. Rae1 Qd7 15. Qd2 Rad8 16. b4 f5 17. Bc4+ Kh8 18. Bxh6 fxe4 19. Rxe4 d5 20. Bxd5 Bxf3 21. Bxc6 Qxc6 22. Bxg7+ Kxg7 23. Rxe7+ Kg6 24. Qc2+ Be4 25. Qxe4+ Qxe4 26. Rxe4 Rxf1+ 27. Kxf1 Rd6 28. a4 Rc6 29. Re3 a5 30. Ke2 Rc4 31. Kd3 Rc6 32. d5 Rd6 33. Re6+ 1-0

[Event "Ctopor Equipos de Aragon  Preferente II "]
[Site "?"]
[Date "2026.02.21"]
[Round "5.59"]
[White "Gomez Calomarde, Saul"]
[Black "Muro Guerrero, Miguel"]
[Result "1/2-1/2"]
[WhiteElo "2093"]
[BlackElo "2109"]
[PlyCount "60"]
[GameId "2282252578705894"]
[EventDate "2026.01.24"]
[WhiteTeam "Teruel B"]
[BlackTeam "Dr. Azua"]

1. Nf3 d5 2. b3 c5 3. e3 Nc6 4. Bb2 f6 5. d4 cxd4 6. exd4 Bg4 7. Be2 e6 8. c4 Bd6 9. Nc3 Nge7 10. O-O O-O 11. h3 Bh5 12. a3 Qd7 13. cxd5 exd5 14. b4 Rac8 15. b5 Na5 16. Ne5 fxe5 17. Bxh5 Nc4 18. Bg4 Nxb2 19. Bxd7 Nxd1 20. Nxd1 Rc2 21. Ne3 Rb2 22. Rab1 Rxb1 23. Rxb1 exd4 24. Be6+ Kh8 25. Nxd5 Bxa3 26. Rd1 Nxd5 27. Bxd5 Bc5 28. Bxb7 g6 29. Rc1 Bb6 30. Rc8 Rxc8 1/2-1/2

[Event "Ctopor Equipos de Aragon  Preferente II "]
[Site "?"]
[Date "2026.02.21"]
[Round "5.60"]
[White "Garcia Garcia, Enrique"]
[Black "Romo Ramirez, Antonio"]
[Result "1/2-1/2"]
[WhiteElo "1886"]
[BlackElo "1968"]
[PlyCount "75"]
[GameId "2282252578705895"]
[EventDate "2026.01.24"]
[WhiteTeam "Dr. Azua"]
[BlackTeam "Teruel B"]

1. d4 g6 2. c4 Bg7 3. Nc3 d6 4. e4 c6 5. h3 Nd7 6. Nf3 Ngf6 7. Be3 O-O 8. Be2 a6 9. a4 a5 10. O-O Qc7 11. Ne1 e5 12. d5 Nc5 13. Bxc5 dxc5 14. Nd3 Qe7 15. Qb3 Nd7 16. Rad1 f5 17. exf5 gxf5 18. d6 Qxd6 19. Nf4 Qe7 20. Nh5 Nf6 21. Nxg7 Qxg7 22. f4 e4 23. Rd6 Ne8 24. Rd8 Nc7 25. Rxf8+ Qxf8 26. Nd1 Ne6 27. Qg3+ Qg7 28. Qxg7+ Kxg7 29. Ne3 Nd4 30. Bd1 Be6 31. g4 Rd8 32. Kf2 Kf6 33. Be2 Nxe2 34. Kxe2 Rd4 35. Rc1 Bd7 36. Rc3 Be6 37. Rc1 Bd7 38. Rc3 1/2-1/2

[Event "Ctopor Equipos de Aragon  Preferente II "]
[Site "?"]
[Date "2026.02.21"]
[Round "5.61"]
[White "Martin Catalan, Juan Vicente"]
[Black "Cajo Esteban, Ruben"]
[Result "1/2-1/2"]
[WhiteElo "1930"]
[BlackElo "1829"]
[PlyCount "88"]
[GameId "2282252578705896"]
[EventDate "2026.01.24"]
[WhiteTeam "Teruel B"]
[BlackTeam "Dr. Azua"]

1. d4 d5 2. Bf4 e6 3. e3 Bd6 4. Nf3 b6 5. Ne5 Nf6 6. Nd2 O-O 7. Bd3 c5 8. c3 Ba6 9. Qe2 Bxd3 10. Qxd3 c4 11. Qe2 Qc7 12. O-O Nc6 13. Ndf3 Nd7 14. Nxd7 Qxd7 15. Ne5 Qc7 16. Nxc6 Qxc6 17. Bxd6 Qxd6 18. e4 b5 19. exd5 Qxd5 20. Rfe1 a5 21. Qd2 Rfd8 22. Qf4 Qb7 23. Re5 Rd5 24. Rxd5 Qxd5 25. Re1 Qb7 26. Qd6 b4 27. Qc5 Qa6 28. d5 exd5 29. Qxd5 b3 30. axb3 cxb3 31. Qxb3 Qa7 32. Qd5 g6 33. h4 Rb8 34. b3 Qc7 35. Re3 Rd8 36. Qe5 Qxe5 37. Rxe5 Rd3 38. Rc5 Rd1+ 39. Kh2 Rb1 40. Rb5 Rc1 41. c4 a4 42. bxa4 Rxc4 43. a5 Rxh4+ 44. Kg3 Ra4 1/2-1/2

[Event "Ctopor Equipos de Aragon  Preferente II "]
[Site "?"]
[Date "2026.02.21"]
[Round "5.62"]
[White "Casas Castillero, Jose Antonio"]
[Black "Abancens Fernandez, Bernardo"]
[Result "1-0"]
[WhiteElo "1794"]
[BlackElo "1840"]
[PlyCount "119"]
[GameId "2282252578705897"]
[EventDate "2026.01.24"]
[WhiteTeam "Dr. Azua"]
[BlackTeam "Teruel B"]

{[%evp 0,1,11,25]} 1. d4 d5 2. c4 dxc4 3. e3 e6 4. Bxc4 Nf6 5. Nf3 a6 6. Nc3 b5 7. Bd3 Bb7 8. O-O Nbd7 9. a3 c5 10. dxc5 Nxc5 11. Be2 Be7 12. b4 Qxd1 13. Rxd1 Nb3 14. Rb1 Nxc1 15. Rbxc1 O-O 16. Ne5 Rac8 17. Bf3 Bxf3 18. Nxf3 Rfd8 19. Rxd8+ Bxd8 20. Ne2 Rxc1+ 21. Nxc1 Ne4 22. Nd3 Kf8 23. Nd4 Bb6 24. Nc6 Ke8 25. Nb8 a5 26. bxa5 Bxa5 27. Nc6 Bb6 28. Ncb4 f6 29. Kf1 Nd2+ 30. Ke2 Nc4 31. Nc2 Ke7 32. Ndb4 Kd6 33. Kd3 Ne5+ 34. Ke2 Bc5 35. h3 Nc4 36. Kd3 Bxb4 37. axb4 e5 38. e4 g6 39. Ne3 Nb6 40. Nc2 Kc6 41. f3 Nc8 42. Ne3 Ne7 43. Ng4 Ng8 44. Ne3 h5 45. g3 Ne7 46. h4 f5 47. Ng2 Kd6 48. Ne3 Ke6 49. Ke2 Nc6 50. Nc2 Nd4+ 51. Nxd4+ exd4 52. Kd3 g5 53. hxg5 f4 54. gxf4 h4 55. f5+ Kd7 56. g6 h3 57. g7 h2 58. g8=Q h1=Q 59. Qe6+ Kc7 60. Kxd4 1-0

[Event "Ctopor Equipos de Aragon  Preferente II "]
[Site "?"]
[Date "2026.02.21"]
[Round "5.63"]
[White "Barros Gutierrez, Angel Luis"]
[Black "Sancho Cortes, Miguel Angel"]
[Result "1-0"]
[WhiteElo "2003"]
[BlackElo "2023"]
[PlyCount "89"]
[GameId "2282252578865642"]
[EventDate "2026.01.24"]
[WhiteTeam "Agrupacion B"]
[BlackTeam "Iberajedrez Mundo 64 B"]

1. d4 f5 2. Nf3 Nf6 3. g3 e6 4. Bg2 d5 5. O-O Bd6 6. c4 c6 7. Bf4 Bxf4 8. gxf4 Nbd7 9. Nbd2 Ne4 10. e3 O-O 11. b4 Rf6 12. a4 Rh6 13. b5 Nxd2 14. Nxd2 Qh4 15. h3 Rg6 16. Kh1 dxc4 17. Nxc4 c5 18. dxc5 Nxc5 19. Ne5 Rh6 20. Kg1 Ne4 21. Bxe4 fxe4 22. Qg4 Qe7 23. Rfd1 b6 24. Rac1 Bb7 25. Qg5 Qxg5+ 26. fxg5 Rh5 27. h4 Bd5 28. Rc7 Rxh4 29. Rdc1 Rf8 30. g6 hxg6 31. Rxa7 Rf5 32. Rc8+ Kh7 33. Rh8+ Kxh8 34. Nxg6+ Kg8 35. Nxh4 Rh5 36. Ng2 Bb3 37. Nf4 Rc5 38. Kg2 e5 39. Ng6 Rc4 40. Nxe5 Rxa4 41. Rb7 Rb4 42. Rxb6 Ba4 43. Rb8+ Kh7 44. b6 Rb5 45. b7 1-0

[Event "Ctopor Equipos de Aragon  Preferente II "]
[Site "?"]
[Date "2026.02.21"]
[Round "5.64"]
[White "Moreno Burillo, Marcos Antonio"]
[Black "Carruez Berges, Santiago"]
[Result "1-0"]
[WhiteElo "1923"]
[BlackElo "1922"]
[PlyCount "33"]
[GameId "2282252578865643"]
[EventDate "2026.01.24"]
[WhiteTeam "Iberajedrez Mundo 64 B"]
[BlackTeam "Agrupacion B"]

1. d4 d6 2. c4 e5 3. d5 f5 4. Nc3 Be7 5. e4 Na6 6. b4 Nf6 7. Bd3 O-O 8. Rb1 c6 9. Nge2 cxd5 10. Nxd5 Nxe4 11. Bxe4 fxe4 12. Nec3 Bf5 13. Be3 Bg5 14. O-O Bxe3 15. Nxe3 Bg6 16. Nb5 Rf6 17. Qd5+ 1-0

[Event "Ctopor Equipos de Aragon  Preferente II "]
[Site "?"]
[Date "2026.02.21"]
[Round "5.65"]
[White "Larrosa Poves, Jose Manuel"]
[Black "Garcia Monterde, Francisco Jose"]
[Result "1/2-1/2"]
[WhiteElo "1917"]
[BlackElo "1870"]
[PlyCount "121"]
[GameId "2282252578865644"]
[EventDate "2026.01.24"]
[WhiteTeam "Agrupacion B"]
[BlackTeam "Iberajedrez Mundo 64 B"]

1. d4 Nf6 2. c4 c5 3. d5 b5 4. cxb5 a6 5. bxa6 Bxa6 6. g3 d6 7. Bg2 g6 8. b3 Bg7 9. Bb2 O-O 10. Nh3 Nbd7 11. O-O Qb6 12. Bc3 Rfb8 13. Nf4 Ng4 14. Bxg7 Kxg7 15. Nd2 Nge5 16. Qc2 c4 17. h4 Rc8 18. Rfb1 cxb3 19. Qxb3 Qa5 20. Qd1 Bc4 21. Nb3 Bxb3 22. axb3 Qb4 23. Rxa8 Rxa8 24. Nd3 Nxd3 25. exd3 Qd4 26. b4 Ra2 27. Qf3 Ne5 28. Qe3 Qxd3 29. Qxd3 Nxd3 30. b5 Ra7 31. b6 Rb7 32. Bh3 f5 33. g4 Kf6 34. gxf5 gxf5 35. Rb3 Nf4 36. Bg2 Nxg2 37. Kxg2 Ke5 38. Rb5 Kd4 39. Kf3 Kc4 40. Rb2 Kxd5 41. Kf4 e6 42. Kg5 Kc5 43. Kf6 Rxb6 44. Rc2+ Kd5 45. Rd2+ Ke4 46. Re2+ Kd5 47. Rd2+ Kc4 48. Kxe6 d5+ 49. Kxf5 d4 50. f4 Kc3 51. Rd1 d3 52. Ke5 d2 53. f5 Kc2 54. Rf1 Rb8 55. f6 d1=Q 56. Rxd1 Kxd1 57. f7 Ke2 58. h5 Kf3 59. Kf6 Kg4 60. Kg7 Kxh5 61. Kxh7 1/2-1/2

[Event "Ctopor Equipos de Aragon  Preferente II "]
[Site "?"]
[Date "2026.02.21"]
[Round "5.66"]
[White "Barranco Castillo, Jose Antonio"]
[Black "Guerra Perez, Rafael"]
[Result "0-1"]
[WhiteElo "1850"]
[BlackElo "1896"]
[PlyCount "94"]
[GameId "2282252578865645"]
[EventDate "2026.01.24"]
[WhiteTeam "Iberajedrez Mundo 64 B"]
[BlackTeam "Agrupacion B"]

1. c4 c5 2. Nc3 Nf6 3. g3 e6 4. Bg2 Nc6 5. Nf3 Be7 6. O-O O-O 7. d4 cxd4 8. Nxd4 Ne5 9. Qb3 Bc5 10. Nc2 Nc6 11. Na4 Be7 12. Rd1 Qc7 13. Bf4 e5 14. Bg5 Na5 15. Qc3 d6 16. Ne3 Be6 17. b3 h6 18. Bxf6 Bxf6 19. Rac1 Rac8 20. Qd2 Bg5 21. Qxd6 Qxd6 22. Rxd6 b5 23. Ra6 Nxc4 24. bxc4 bxa4 25. c5 Rc7 26. Rxa4 Rd8 27. f4 exf4 28. gxf4 Bf6 29. c6 Rd4 30. Ra3 Rxf4 31. Rf1 Rd4 32. Nf5 Rd2 33. e3 Bc4 34. Nxh6+ Kh7 35. Rxf6 gxf6 36. Nf5 Rxa2 37. Rxa2 Bxa2 38. Nd6 Re7 39. Nf5 Re5 40. Nd6 Rc5 41. Ne8 f5 42. c7 Be6 43. Bb7 a5 44. e4 f4 45. Bd5 a4 46. Kf2 a3 47. Nf6+ Kg6 0-1

[Event "Ctopor Equipos de Aragon  Preferente II "]
[Site "?"]
[Date "2026.02.21"]
[Round "5.67"]
[White "Correas Marcen, Jose Maria"]
[Black "Osuna Smyshlyayev, Ivan"]
[Result "0-1"]
[WhiteElo "1962"]
[BlackElo "1934"]
[PlyCount "132"]
[GameId "2282252578865646"]
[EventDate "2026.01.24"]
[WhiteTeam "El Olivar C"]
[BlackTeam "Aulazenter B"]

1. Nf3 Nf6 2. b3 e6 3. Bb2 c5 4. g3 Nc6 5. Bg2 d5 6. O-O b6 7. d4 Be7 8. Nbd2 O-O 9. Re1 Bb7 10. h3 Rc8 11. c4 dxc4 12. Nxc4 b5 13. Nce5 Nxe5 14. Nxe5 Bxg2 15. Kxg2 Qd5+ 16. f3 cxd4 17. Qxd4 a6 18. Rac1 Bd6 19. e4 Bxe5 20. Qxd5 exd5 21. Bxe5 dxe4 22. Bxf6 exf3+ 23. Kxf3 gxf6 24. Red1 a5 25. a4 bxa4 26. bxa4 Rb8 27. Rc5 Rb3+ 28. Kf2 Re8 29. Rxa5 Ree3 30. Ra7 Rxg3 31. Rd8+ Kg7 32. Rdd7 Rxh3 33. Rxf7+ Kg6 34. Rg7+ Kf5 35. Rxh7 Rhc3 36. Rhc7 Rb2+ 37. Kf1 Ra3 38. Rc1 Rh3 39. Kg1 Rg3+ 40. Kh1 Rb4 41. Rf1+ Kg6 42. Kh2 Rg5 43. Kh3 Rb8 44. Rf4 Rb1 45. Kh2 Rb8 46. Kh3 Rb3+ 47. Kh2 Rc5 48. Ra6 Rc2+ 49. Kg1 Rb1+ 50. Rf1 Rxf1+ 51. Kxf1 Kg5 52. Ra8 f5 53. a5 Kf4 54. a6 Kf3 55. Ke1 Ra2 56. a7 f4 57. Kd1 Ra6 58. Kd2 Rd6+ 59. Ke1 Rd7 60. Rg8 Re7+ 61. Kd2 Rxa7 62. Rf8 Re7 63. Rf6 Kg3 64. Rf8 f3 65. Rg8+ Kf2 66. Rf8 Kg3 0-1

[Event "Ctopor Equipos de Aragon  Preferente II "]
[Site "?"]
[Date "2026.02.21"]
[Round "5.68"]
[White "Ania Chueca, Mario"]
[Black "Lavilla Castano, Julian"]
[Result "1/2-1/2"]
[WhiteElo "1891"]
[BlackElo "1867"]
[PlyCount "69"]
[GameId "2282252578865647"]
[EventDate "2026.01.24"]
[WhiteTeam "Aulazenter B"]
[BlackTeam "El Olivar C"]

1. e4 c5 2. Nc3 d6 3. Bb5+ Bd7 4. a4 Nf6 5. d3 e6 6. f4 Nc6 7. Nf3 Be7 8. O-O O-O 9. Bd2 Nd4 10. Bxd7 Nxd7 11. Ne2 Nxe2+ 12. Qxe2 a6 13. a5 b5 14. axb6 Qxb6 15. Bc3 Rfe8 16. Kh1 d5 17. b3 Qb7 18. Ng5 d4 19. Bd2 h6 20. Nh3 Bf8 21. Qh5 f5 22. Rae1 Nf6 23. Qg6 Qf7 24. exf5 exf5 25. Qxf7+ Kxf7 26. Nf2 Bd6 27. Nd1 Nd5 28. g3 Rxe1 29. Rxe1 Re8 30. Rxe8 Kxe8 31. Kg2 Kd7 32. Nb2 Bc7 33. Nc4 Kc6 34. Kf3 Nf6 35. h3 1/2-1/2

[Event "Ctopor Equipos de Aragon  Preferente II "]
[Site "?"]
[Date "2026.02.21"]
[Round "5.69"]
[White "De La Riva Fernandez, Eduardo"]
[Black "Morales Anadon, Javier"]
[Result "1-0"]
[WhiteElo "1862"]
[BlackElo "1841"]
[PlyCount "91"]
[GameId "2282252578865648"]
[EventDate "2026.01.24"]
[WhiteTeam "El Olivar C"]
[BlackTeam "Aulazenter B"]

1. e4 e6 2. d4 d5 3. Nd2 c5 4. exd5 Qxd5 5. Ngf3 cxd4 6. Bc4 Qd7 7. O-O Nc6 8. Nb3 a6 9. Nbxd4 Nxd4 10. Qxd4 Qxd4 11. Nxd4 Bd7 12. Re1 O-O-O 13. c3 Bd6 14. b4 e5 15. Nb3 f6 16. a4 Ne7 17. b5 axb5 18. axb5 Kc7 19. Rd1 Nc8 20. Be3 b6 21. Be2 Bf5 22. Bd3 Bxd3 23. Rxd3 Be7 24. Rad1 Rxd3 25. Rxd3 Rd8 26. Rxd8 Bxd8 27. Nd2 Nd6 28. c4 f5 29. c5 bxc5 30. Bxc5 Nxb5 31. Nc4 e4 32. Bb6+ Kc8 33. Bxd8 Kxd8 34. f3 exf3 35. gxf3 Ke7 36. Kf2 Nd6 37. Nb2 Kf6 38. h4 f4 39. Nd3 Kf5 40. Kg2 Nf7 41. Kf2 Ne5 42. Ne1 Nc6 43. Ng2 Ke5 44. Ke2 Nd4+ 45. Kd3 Nb5 46. Ke2 {Las negras perdieron por tiempo.} 1-0